Thực hành ảo vận hành máy tiện và máy phay CNC

Hướng dẫn thực hành ảo vận hành máy tiện và máy phay CNC được trang bị bộ điều khiển Fanuc 21i, SINUMERIK 810D hoặc EZMotion-NC 60 bằng phần mềm SSCNC bao gồm các thao tác: đưa các trục về Home, thiết lập phôi và kẹp chặt phôi, thiết lập dụn...

全面介绍

Đã lưu trong:
书目详细资料
主要作者: Nguyễn, Văn Tường
格式: 图书
语言:Undetermined
出版: Hà Nội Khoa học và Kỹ thuật 2013
主题:
标签: 添加标签
没有标签, 成为第一个标记此记录!
Thư viện lưu trữ: Trung tâm Học liệu Trường Đại học Cần Thơ
LEADER 01146nam a2200205Ia 4500
001 CTU_196504
008 210402s9999 xx 000 0 und d
020 |c 68000 
082 |a 621.9 
082 |b T561 
100 |a Nguyễn, Văn Tường 
245 0 |a Thực hành ảo vận hành máy tiện và máy phay CNC 
245 0 |c Nguyễn Văn Tường 
260 |a Hà Nội 
260 |b Khoa học và Kỹ thuật 
260 |c 2013 
520 |a Hướng dẫn thực hành ảo vận hành máy tiện và máy phay CNC được trang bị bộ điều khiển Fanuc 21i, SINUMERIK 810D hoặc EZMotion-NC 60 bằng phần mềm SSCNC bao gồm các thao tác: đưa các trục về Home, thiết lập phôi và kẹp chặt phôi, thiết lập dụng cụ cắt, cài đặt toạ độ chi tiết, bù trừ chiều dài dao, lập trình trên máy và chạy chương trình 
650 |a Kỹ thuật cơ khí,Mechanical engineering 
904 |i Bằng 
980 |a Trung tâm Học liệu Trường Đại học Cần Thơ